000 00863nab a2200265 u 4500
001 07178
003 HDC
007 cr bn ---aaaaa
008 210127c mydr|nes 0 a may d
040 _aHDC
100 _aAzhar Abu Samah
_eauthor
_97664
245 0 _aEkonomi digital, e-dagang focus APEC Danang /
_cby Azhar Abu Samah
260 _aKuala Lumpur :
_bBERITA HARIAN,
_c2017
300 _apage 30
336 _atext
_2rdacontent
337 _acomputer
_2rdamedia
338 _aonline resource
_2rdacarrier
650 _aDigital economy
_97665
650 _ae-commerce business
_97666
650 _aEconomy
_91877
856 _zRequest full-text at [email protected]
942 _2lcc
942 _cNEWS
942 _kNWSC 001099
999 _c4502
_d4502